A Survey of technical and commercial education in Northern Rhodesia: Keir Committee Report (Record no. 59174)

MARC details
000 -LEADER
fixed length control field 00616nam a2200145 a 4500
008 - FIXED-LENGTH DATA ELEMENTS--GENERAL INFORMATION
fixed length control field 080109s1960 ||||||||||||||||| || u
050 ## - LIBRARY OF CONGRESS CALL NUMBER
Classification number GOV.ZAM(02)1960/1
100 ## - MAIN ENTRY--PERSONAL NAME
Personal name Keir, David Lindsay, Sir
245 12 - TITLE STATEMENT
Title A Survey of technical and commercial education in Northern Rhodesia: Keir Committee Report
Statement of responsibility, etc. Under the Chairmanship of Sir David Lindsay Keir.
260 ## - PUBLICATION, DISTRIBUTION, ETC.
Place of publication, distribution, etc. Kitwe
Name of publisher, distributor, etc. GRZ
Date of publication, distribution, etc. 1960
300 ## - PHYSICAL DESCRIPTION
Extent 72p. : ill.
350 ## - PRICE (NR) (BK AM CF MU VM SE) [OBSOLETE]
Price 0.00
650 ## - SUBJECT ADDED ENTRY--TOPICAL TERM
Topical term or geographic name entry element TECHNICAL EDUCATION--ZAMBIA
995 ## - RECOMMENDATION 995 [LOCAL, UNIMARC FRANCE]
-- 0.00
-- CBU-MAIN LIBRARY (Kitwe)
-- 1
-- 0.00
-- 1
-- AVAILABLE
-- Zambiana Collection
Holdings
Withdrawn status Lost status Source of classification or shelving scheme Damaged status Not for loan Home library Current library Shelving location Date acquired Total Checkouts Full call number Barcode Date last seen Price effective from Koha item type
          CBU-MAIN LIBRARY, KITWE. CBU-MAIN LIBRARY, KITWE.   11/30/2022   GOV.ZAM(02)1960/1 9000012 11/30/2022 11/30/2022 MONOGRAPH